नेताजी सुभाष के पे्ररणापुरुष स्वामी विवेकानंद (Record no. 189520)

MARC details
000 -LEADER
fixed length control field 00682nam a2200145Ia 4500
008 - FIXED-LENGTH DATA ELEMENTS--GENERAL INFORMATION
fixed length control field 090124s9999 xx 000 0 und d
082 ## - DEWEY DECIMAL CLASSIFICATION NUMBER
Item number 207492
245 ## - TITLE STATEMENT
Title नेताजी सुभाष के पे्ररणापुरुष स्वामी विवेकानंद
250 ## - EDITION STATEMENT
Edition statement 1
260 ## - PUBLICATION, DISTRIBUTION, ETC. (IMPRINT)
Name of publisher, distributor, etc विदेहात्मानंद
Date of publication, distribution, etc 2006
300 ## - PHYSICAL DESCRIPTION
Extent 76
630 ## - SUBJECT ADDED ENTRY--UNIFORM TITLE
Uniform title नेताजी सुभाष के पे्ररणापुरुष स्वामी विवेकानंद
730 ## - ADDED ENTRY--UNIFORM TITLE
Uniform title नेताजी सुभाष के पे्ररणापुरुष स्वामी विवेकानंद
942 ## - ADDED ENTRY ELEMENTS (KOHA)
Koha item type Book
Holdings
Withdrawn status Lost status Damaged status Not for loan Home library Current library Date acquired Cost, normal purchase price Total Checkouts Full call number Barcode Date last seen Cost, replacement price Price effective from Koha item type
        Marathi Granth Sangrahalaya,Thane Marathi Granth Sangrahalaya,Thane   12.00   207492 THNMGS-207492 01/24/2009 12.00 01/24/2009 Book